000
00232 a2200109 4500
001
68603
040
_c
Anchieta - Itaigara
240
1
0
_a
Os deuses gregos
_l
245
1
0
_a
Os deuses gregos
650
4
_a
Geografia e viagens
942
_c
MX
999
_c
68603
_d
68603